| 000 | 01357cad a22002415a 4500 | ||
|---|---|---|---|
| 001 | L140097 | ||
| 008 | 070904e20070529xxkd f s 000 0 eng d | ||
| 035 | _a(Sirsi) u140097 | ||
| 041 | 0 | _aeng | |
| 050 | 0 | 4 | _a333.337 $2 18 |
| 100 | 1 | _aShi-Ming, Yu | |
| 245 | 0 | 0 |
_aWhat is the impact of an obstruction of view on apartment prices? _h[electronic resource] |
| 260 |
_aLondon _bRICS _c2007 |
||
| 490 | 0 |
_aRICS Findings in Built and Rural Environments _vApril 2007 |
|
| 520 | _aExamines the effect upon residence prices of the view which can be seen from within. Seeks to demonstrate that obstructions to the view can have a negative effect on the value of a property. Uses the technique of intervention analysis to investigate the effects of an obstruction on two condominium projects in Singapore. Results show that the introduction of an obstruction had an immediate and lasting effect on property prices. The impact was of a pure jump function, leading to an 8% long term depression in price. | ||
| 590 | _aKA | ||
| 651 | 4 | _aInternational | |
| 690 | _aRICS SERVICES-RICS ECONOMICS AND RESEARCH | ||
| 690 | _aPROPERTY-RESIDENTIAL PROPERTY-DOMESTIC RESIDENTIAL PROPERTY-HOUSING-FLATS | ||
| 700 | 1 | _aChee-Hian, Chai | |
| 856 | 4 | 0 |
_uhttps://www.rics.org/site/download_feed.aspx?fileID=3522&fileExtension=PDF _zBroken link - not available |
| 942 | _n0 | ||
| 999 |
_c107418 _d107418 |
||